banner-ar

STAR GUITARS: GUITARS AND PLAYERS THAT HAVE HELPE A SHAPE MODERN MUSIC / (Record no. 12057)

MARC details
000 -الفاتح
حقل البيانات ثابتة الطول 00517nam a2200181Ia 4500
005 - وقت وتاريخ اخر تعامل مع التسجيلة
رقم الضبط 20240530095921.0
008 - عناصر البيانات ثابتة الطول - معلومات عامة
حقل البيانات ثابتة الطول 140319s9999 xx 000 0 eng d
040 ## - مصدر الفهرسة
وكالة الفهرسة الأصلية GCL /
وكالة النسخ GCL
082 04 - رقم تصنيف ديوى العشرى
رقم التصنيف 787.87
رقم المادة M S
100 1# - المدخل الرئيسى - إسم شخصى
الإسم الشخصى MARTEN,NEVILLE
245 10 - بيان العنوان
العنوان STAR GUITARS: GUITARS AND PLAYERS THAT HAVE HELPE A SHAPE MODERN MUSIC /
بيان المسئوليه,etc MARTEN,NEVILLE
260 ## - PUBLICATION, DISTRIBUTION, ETC. (IMPRINT)
تاريخ النشر أو التوزيع 1994
300 ## - الوصف المادى
التعداد 105P
650 04 - المدخل الاضافى بالموضوع-مصطلح موضوعى
مصطلح موضوعي MUSIC
650 04 - المدخل الاضافى بالموضوع-مصطلح موضوعى
مصطلح موضوعي MUSIC - INSTRUMENT, GUITASS
942 ## - عناصر المدخل الإضافي( كوها)
مصدر التصنيف او مخطط الترفيف Dewey Decimal Classification
Koha [default] item type كتاب
260 ## - PUBLICATION, DISTRIBUTION, ETC. (IMPRINT)
-- [S.N] :
-- MUSIC MAKER BOOKS I T D ،
Holdings
حالة التراجع حالة الفقد حالة تلف ليس للاعارة المكان المؤقت الموقع الحالى تاريخ الاكتساب اجمالي اﻻعارات رقم الطلب الباركود تاريخ اخر مشاهدة تاريخ تفعيل السعر نوع وعاء كوها
        مكتبة القاهرة الكبرى مكتبة القاهرة الكبرى 03/26/2014   787.87\M S 23623 03/26/2014 03/26/2014 كتاب

Powered By

EGPV